Traduction de vocabulaire en anglais - Statistiques

Statistiques générales
  • Ce quiz a été pris 236 fois
  • Le résultat moyen est 12 sur 15
Statistiques - réponses
Hint Réponse % Correct
film movie
99%
ami friend
98%
dormir sleep
97%
enseignant teacher
93%
boisson drink
90%
en colère angry
85%
nuageux cloudy
85%
mot de passe password
84%
curieux curious
81%
carte map
78%
emploi job
77%
collègue colleague
61%
ambulance ambulance
56%
blessure injury
40%
quartier neighborhood
35%
Aucun quiz correspondant
Distribution des résultats
% des personnes avec chaque résultat
Percentile par nombre de réponses
Votre historique - résultats
Vous n’avez pas pris ce quiz